W którym kraju Europy Jest to Miasto - Statystyki

Ogólne statystyki
  • Ten quiz został rozwiązany 699 razy
  • Średni wynik to 89 z 112
Statystyki odpowiedzi
Miasto Kraj % Poprawnych
Londyn Wielka Brytania
100%
Paryż Francja
99%
Madryt Hiszpania
99%
Berlin Niemcy
99%
Warszawa Polska
99%
Moskwa Rosja
99%
Rzym Włochy
99%
Praga Czechy
98%
Barcelona Hiszpania
98%
Kijów Ukraina
98%
Kraków Polska
97%
Wenecja Włochy
97%
Wiedeń Austria
96%
Mińsk Białoruś
95%
Ateny Grecja
95%
Oslo Norwegia
95%
Lizbona Portugalia
95%
Lwów Ukraina
95%
Wrocław Polska
94%
Amsterdam Holandia
93%
Dublin Irlandia
93%
Wilno Litwa
93%
Łódź Polska
93%
Petersburg Rosja
93%
Stambuł Turcja
93%
Bruksela Belgia
92%
Sztokholm Szwecja
92%
Mediolan Włochy
92%
Zagrzeb Chorwacja
91%
Frankfurt Nad Menem Niemcy
91%
Bratysława Słowacja
91%
Budapeszt Węgry
91%
Manchester Wielka Brytania
91%
Hamburg Niemcy
90%
Gdańsk Polska
90%
Rotterdam Holandia
89%
Luksemburg Luksemburg
89%
Wrocław Polska
89%
Bukareszt Rumunia
89%
Liverpool Wielka Brytania
89%
Neapol Włochy
89%
Helsinki Finlandia
88%
Ryga Łotwa
88%
Kolonia Niemcy
88%
Monachium Niemcy
88%
Charków Ukraina
87%
Glasgow Wielka Brytania
87%
Kopenhaga Dania
86%
Lyon Francja
86%
Monako Monako
86%
Lublin Polska
86%
San Marino San Marino
86%
Sofia Bułgaria
85%
Rejkavik Islandia
85%
Szczecin Polska
85%
Marsylia Francja
84%
Watykan Watykan
84%
Mediolan Włochy
84%
Sewilla Hiszpania
83%
Stuttgart Niemcy
83%
Donieck Ukraina
83%
Birmingham Wielka Brytania
83%
Walencja Hiszpania
82%
Dusseldorf Niemcy
82%
Niżny Nowogród Rosja
82%
Belgrad Serbia
82%
Tallinn Estonia
81%
Porto Portugalia
81%
Kaliningrad Rosja
81%
Sarajevo Bośnia
80%
Lublana Słowenia
77%
Zurych Szwajcaria
76%
Palermo Włochy
76%
Andora La Vella Andora
75%
Nicea Francja
75%
Palma De Mallorca Hiszpania
75%
Kiszyniów Mołdawia
75%
Skopje Macedonia
74%
Sheffield Wielka Brytania
74%
Podgorica Czarnogóra
73%
Saloniki Grecja
73%
Malmo Szwecja
73%
Tirana Albania
72%
Krasondar Rosja
72%
Leeds Wielka Brytania
72%
Valetta Malta
71%
Rostów Nad Donem Rosja
70%
Bilbao Hiszpania
69%
Endyburg Wielka Brytania
69%
Vaduz Liechtenstein
67%
Ostrawa Czechy
66%
Saragossa Hiszpania
66%
Kowno Litwa
66%
Brema Niemcy
66%
Montepellier Francja
65%
Prisztina Kosowo
65%
Genua Włochy
64%
Goteborg Szwecja
63%
Zaporoże Ukraina
62%
Odessa Ukraina
61%
Essen Niemcy
59%
Woroneż Rosja
59%
Krzywy Róg Ukraina
59%
Genewa Szwajcaria
58%
Antwerpia Belgia
55%
Graz Austria
50%
Kłajpeda Litwa
48%
Murcja Hiszpania
45%
Samara Rosja
32%
Turku Finlandia
25%
Nisz Serbia
15%
Jassy Rumunia
13%
Nie znaleziono quizów pasujących do podanych kryteriów
Rozkład punktacji
Procent ludzi z każdym wynikiem
Percentyl według liczby udzielonych odpowiedzi
Twoja historia wyników
Nie rozwiązałeś tego quizu